| 000 | 01842nam a2200265 a 4500 | ||
|---|---|---|---|
| 001 | 000002675 | ||
| 005 | 20260310120939.0 | ||
| 008 | 090703s2009 dr 000 0 spa d | ||
| 020 | _z9789993495352 | ||
| 040 |
_aDO-SdBNP _bspa _cBNPHU |
||
| 082 |
_a346.0482 _bA321m |
||
| 100 | 1 |
_aAlarcón, Edynson _98435 |
|
| 245 | 1 | 0 |
_aManual de derecho de autor dominicano / _cEdynson Alarcón ; presentación Fabio J. Guzmán Ariza. |
| 260 |
_aSanto Domingo : _bJudicial, _c2009. |
||
| 300 |
_a212 p. ; _c23 cm. |
||
| 490 | 1 | _aGaceta judicial. Colección manuales | |
| 500 | _aIncluye referencias bibliográficas y notas al pie de las páginas. | ||
| 504 | _aBibliografía: p. 211-212 | ||
| 505 | 0 | _aAbreviaturas -- Presentación -- Prólogo -- Introducción al estudio del derecho de autor -- La originalidad como precepto definitorio básico del derecho de autor -- El autor y su obra -- De las obras complejas o en régimen de coautoria y la reglamentación especial a que han sido dometidas -- Los derechos morales -- Los derechos patrimoniales -- Limites y excepciones al libre ejercicio de los derechos de explotación en la legislación dominicana -- Derechos patrimoniales de simple remuneración -- Regímenes especiales para ciertas categorias de obras -- La obra plástica y sus extraoridinarias particularidades -- Los programas informáticos -- Las obras audiovisuales -- El contrato de edición en la legislación dominicana -- Reglamentación del sistema de derechos conexos -- La gestión colectiva de los derechos de autor y de los derechos afines -- Acciones penales y civiles de derecho de autor. | |
| 590 | _aInventariado, 2018/LP | ||
| 650 | 0 |
_aDerechos de autor _9551 |
|
| 650 | 4 |
_aLeyes _zRepública Dominicana _93033 |
|
| 830 | 0 |
_aGaceta judicial. Colección manuales _98436 |
|
| 910 | _aValidado. Control de calidad BNPHU | ||
| 999 |
_c2511 _d2511 |
||